Последний присяжный: пер. с англ.; роман

Bibliographische Detailangaben
1. Verfasser: Гришэм Дж. Джон
Sprache:Russisch
Veröffentlicht: Москва, АСТ, 2006
Schriftenreihe:The International Bestseller
Schlagworte:
Format: Buch
KOHA link:https://koha.lib.tpu.ru/cgi-bin/koha/opac-detail.pl?biblionumber=100490

MARC

LEADER 00000nam0a2200000 4500
001 100490
005 20231031112126.0
010 |a 5170339437 
035 |a (RuTPU)RU\TPU\book\108135 
090 |a 100490 
100 |a 20060823d2006 m y0rusy50 ca 
101 1 |a rus  |c eng 
102 |a RU 
105 |a y z 000ay 
200 1 |a Последний присяжный  |e пер. с англ.  |e роман  |f Дж. Гришэм 
210 |a Москва  |c АСТ  |d 2006 
215 |a 411 с. 
225 1 |a The International Bestseller 
610 1 |a американская литература 
610 1 |a романы 
610 1 |a детективы 
675 |a 82  |v 3 
700 1 |a Гришэм  |b Дж.  |g Джон 
801 1 |a RU  |b 63413507  |c 20060823  |g PSBO 
801 2 |a RU  |b 63413507  |c 20110512  |g PSBO 
942 |c BK